[Event "Mazowiec-chT op 0910"]
[Site "Mazowsze"]
[Date "2010.03.28"]
[Round "10.18"]
[White "Jozwik, Jacek"]
[Black "Boltacz, Slawomir"]
[Result "1-0"]
[WhiteElo "2005"]
[BlackElo "2036"]
[PlyCount "67"]
[EventDate "2009.11.29"]
[EventType "team-tourn"]
[EventRounds "10"]
[EventCountry "POL"]
[SourceTitle "EXT 2011"]
[Source "ChessBase"]
[SourceDate "2010.11.26"]
[SourceVersion "1"]
[SourceVersionDate "2010.11.26"]
[SourceQuality "1"]

1. d4 Nf6 2. Nf3 g6 3. c4 Bg7 4. Nc3 0-0 5. e4 d6 6. h3 c5 7. Be3 cxd4 8. Nxd4 Qa5 9. Qd2 a6 10. Be2 Rd8 11. a3 Nc6 12. 0-0 e5 13. b4 Qc7 14. Nf3 Qe7 15. Bg5 Be6 16. Nd5 Bxd5 17. cxd5 Na7 18. Qe3 Nb5 19. Rac1 Qd7 20. a4 Na7 21. Qb6 Rdc8 22. Nd2 Ne8 23. Nc4 Rc7 24. Qa5 Nc8 25. b5 f5 26. Be3 Qe7 27. Nb6 Rb8 28. bxa6 bxa6 29. Bxa6 Nxb6 30. Bxb6 Rd7 31. Rc8 Rbb7 32. Bxb7 Rxb7 33. Qa8 Kf7 34. Rxe8 1-0

[Event "Mazowiec-chT op 0910"]
[Site "Mazowsze"]
[Date "2010.03.14"]
[Round "9.22"]
[White "Boltacz, Slawomir"]
[Black "Priszczepa, Aleksander"]
[Result "1-0"]
[WhiteElo "2036"]
[BlackElo "1780"]
[PlyCount "77"]
[EventDate "2009.11.29"]
[EventType "team-tourn"]
[EventRounds "10"]
[EventCountry "POL"]
[SourceTitle "EXT 2011"]
[Source "ChessBase"]
[SourceDate "2010.11.26"]
[SourceVersion "1"]
[SourceVersionDate "2010.11.26"]
[SourceQuality "1"]

1. e4 Nf6 2. Nc3 e5 3. Nf3 d6 4. d4 exd4 5. Nxd4 Be7 6. Be2 Bd7 7. Be3 Nc6 8. Qd2 a6 9. h3 h6 10. 0-0 Qc8 11. f4 b5 12. Bf3 Nxd4 13. Bxd4 c5 14. Bxf6 gxf6 15. Nd5 Rb8 16. Nxe7 Kxe7 17. Rad1 Rb6 18. Rfe1 Qc7 19. Qd5 Be6 20. Qh5 c4 21. e5 dxe5 22. fxe5 fxe5 23. Rxe5 Rd6 24. Rde1 Qb6+ 25. Kh1 Rg8 26. Qxh6 Qf2 27. R5e2 Qg3 28. Bg4 Rg6 29. Qh5 Kf8 30. Qh8+ Ke7 31. Rf1 Rd8 32. Qh7 Rf8 33. Bxe6 Rxe6 34. Rxe6+ Kxe6 35. Qe4+ Qe5 36. Qc6+ Ke7 37. Qb7+ Ke8 38. Rd1 Qe6 39. Qc7 1-0

[Event "Mazowiec-chT op 0910"]
[Site "Mazowsze"]
[Date "2009.11.29"]
[Round "1.9"]
[White "Boltacz, Slawomir"]
[Black "Radek, Kasper"]
[Result "1-0"]
[WhiteElo "2036"]
[BlackElo "1568"]
[PlyCount "55"]
[EventDate "2009.11.29"]
[EventType "team-tourn"]
[EventRounds "10"]
[EventCountry "POL"]
[SourceTitle "EXT 2011"]
[Source "ChessBase"]
[SourceDate "2010.11.26"]
[SourceVersion "1"]
[SourceVersionDate "2010.11.26"]
[SourceQuality "1"]

1. e4 e5 2. Nf3 Nc6 3. Bb5 a6 4. Ba4 Nf6 5. 0-0 Nxe4 6. d4 b5 7. Bb3 d5 8. dxe5 Be6 9. Nbd2 Nc5 10. c3 Nxb3 11. Nxb3 Be7 12. Re1 0-0 13. Bf4 Qd7 14. Qd2 b4 15. Rad1 bxc3 16. bxc3 Rfd8 17. h3 Qc8 18. Bg5 Bxg5 19. Qxg5 h6 20. Qh4 Bf5 21. Re3 Qe6 22. Nbd4 Nxd4 23. Nxd4 Qd7 24. Rg3 Kh7 25. Rxg7+ Kxg7 26. Qf6+ Kf8 27. Nxf5 Qe6 28. Qh8# 1-0

[Event "Mazowieckie-chT 0506"]
[Site "Poland"]
[Date "2005.11.20"]
[Round "4"]
[White "Plichta, Kamil"]
[Black "Boltacz, Slawomir"]
[Result "1-0"]
[WhiteElo "1800"]
[BlackElo "2049"]
[PlyCount "47"]
[EventDate "2005.10.09"]
[EventType "team-tourn"]
[EventRounds "9"]
[EventCountry "POL"]
[SourceTitle "EXT 2019"]
[Source "ChessBase"]
[SourceDate "2018.10.10"]
[SourceVersion "1"]
[SourceVersionDate "2018.10.10"]
[SourceQuality "1"]

1. d4 e6 2. c4 Nf6 3. Nc3 d5 4. Bf4 c6 5. c5 b6 6. b4 a5 7. a3 b5 8. e3 Be7 9. Bd3 0-0 10. h3 Nbd7 11. Nf3 Re8 12. 0-0 Nf8 13. Ne5 Bd7 14. Qc2 Ng6 15. Bh2 Nf8 16. Rfb1 Rc8 17. a4 axb4 18. Rxb4 bxa4 19. Rbxa4 Ng6 20. Ra7 Rf8 21. Na4 Ra8 22. Nb6 Rxa7 23. Rxa7 Be8 24. Nxg6 1-0

[Event "Mazowieckie-chT 0405"]
[Site "Poland"]
[Date "2005.02.27"]
[Round "10"]
[White "Boltacz, Slawomir"]
[Black "Przybyla, Kamil"]
[Result "1-0"]
[WhiteElo "2063"]
[BlackElo "1800"]
[PlyCount "71"]
[EventDate "2004.10.03"]
[EventType "team-tourn"]
[EventRounds "10"]
[EventCountry "POL"]
[SourceTitle "EXT 2019"]
[Source "ChessBase"]
[SourceDate "2018.10.10"]
[SourceVersion "1"]
[SourceVersionDate "2018.10.10"]
[SourceQuality "1"]

1. e4 e5 2. Nf3 Nc6 3. Bb5 Bc5 4. c3 Nge7 5. d4 exd4 6. cxd4 Bb4+ 7. Nc3 d5 8. e5 0-0 9. 0-0 Bg4 10. Be3 Qd7 11. Be2 Nf5 12. h3 Bh5 13. a3 Ba5 14. g4 Nxe3 15. fxe3 Bg6 16. Nh4 Ne7 17. Bd3 Bxd3 18. Qxd3 Bxc3 19. bxc3 a5 20. a4 Ra6 21. Nf5 Nxf5 22. Rxf5 Rh6 23. Kg2 Qe7 24. e4 dxe4 25. Qxe4 Qh4 26. Qf3 Rb6 27. Rf1 Rb2+ 28. Kh1 Qe7 29. c4 Rb4 30. Qa3 Qh4 31. e6 Qe7 32. exf7+ Kh8 33. Re5 Qd7 34. Qf3 Qxd4 35. Re8 Qc5 36. Qd5 1-0